"Vnútorná emigrácia" a občianske slobody a práva (Dominik Tatarka a český disent)

Bibliographic Details
Main Author: Bátorová, Mária, 1950- (Author)
Format: Article
Language:Slovak
ISSN:1335-7786
Subjects:

MARC

LEADER 00000nab a2200000 a 4500
001 vtls009948187
003 SK-MaSNL
005 20260426095746.0
008 250507c2009 xo |r|p|||||||000 b|slo
015 |a SNBRB2009/09  |2 snkbucl 
035 |a (uuid)a48c836e-4d5e-439a-945e-25ccc00eedb5 
035 |a urn:nbn:sk:snk-abeuba 
035 |a (urnnbn)urn:nbn:sk:snk:ar-008mk7 
038 |a SNKBUCL 
040 |a SNKBUCL  |b slo  |c SNKBUCL  |e AACR2 
041 0 |a slo 
044 |a xo  |c SK 
080 |a 82:316  |x (437.6)  |2 2001 
080 |a 82:316  |x (437.3)  |2 2001 
080 |a 323.22  |x (437.6)  |2 2001 
080 |a 323.22  |x (437.3)  |2 2001 
080 |a 82:929:821.162.4  |2 2001 
080 |a 821.162.4:929  |2 2001 
080 |a 929 Tatarka, Dominik  |2 2001 
080 |a 82(091):821.162.4  |x "196/198"  |2 2001 
080 |a 821.162.4  |x (091)  |x "196/198"  |2 2001 
080 |a 316.723  |2 2001 
100 1 |a Bátorová, Mária,  |d 1950-  |4 aut  |9 102337 
245 1 0 |a "Vnútorná emigrácia" a občianske slobody a práva  |b (Dominik Tatarka a český disent)  |c Mária Bátorová 
504 |a Bibliogr. odkazy v poznámkach 
600 1 7 |a Tatarka, Dominik,  |d 1913-1989  |2 snkbucl  |9 100832 
648 7 |a 20. stor., 60.-80. r.  |2 snkbucl  |9 1061723 
650 0 7 |a disent  |2 snkbucl  |9 83661 
650 0 7 |a alternatívna kultúra  |2 snkbucl  |9 894 
650 0 7 |a nezávislá literatúra  |2 snkbucl  |9 236463 
650 0 7 |a slovenská literatúra  |2 snkbucl  |9 1115 
650 0 7 |a česká literatúra  |2 snkbucl  |9 1178 
651 7 |a Slovensko  |2 snkbucl  |9 14231 
651 7 |a Česko  |2 snkbucl  |9 16753 
655 7 |a štúdie  |2 snkbucl  |9 57033 
773 0 |t Slovenské pohľady  |g Roč. IV.+125., č. 7-8 (2009), s. 120-137  |x 1335-7786 
850 |a Slovenská národná knižnica 
852 |a Slovenská národná knižnica 
958 |a article27 
958 |a LX 
958 |a SK 
958 |a CZ 
958 |a NB 
958 |a OND 
958 |a EUIPO 
999 |c 3175437  |d 3177367